| 000 | 00000nam 2200000za 4500 |
| 001 | 9.846130 |
| 003 | CaOODSP |
| 005 | 20221107153126 |
| 007 | cr ||||||||||| |
| 008 | 171025s1977 oncdo #o f000 0 eng d |
| 040 | |aCaOODSP|beng |
| 043 | |an-cn--- |
| 086 | 1 |aR5-533/1977E-PDF |
| 245 | 00|aCooperation towards partnership |h[electronic resource] : |bthe Indian and Eskimo Affairs Program. |
| 246 | 10|aIndian and Eskimo Affairs Program |
| 260 | |a[Ottawa?] : |bIndian and Northern Affairs, Indian and Eskimo Affairs Program, |c[1977?]. |
| 300 | |a20 p. : |bgraphs, photographs |
| 500 | |aDigitized edition from print [produced by Indigenous and Northern Affairs Canada]. |
| 520 | |a"Over one million persons in this country, five per cent of the population, can trace at least part of their ancestry back to Canada's first inhabitants, the Indians. Of this figure, some 700,000 are either non-status Indians or are Métis, of mixed blood by intermarriage with whites. An estimated 280,000 others are status Indians, registered under the authority of the Indian Act."--The Indian, p. 2. |
| 692 | 07|2gccst|aIndians |
| 692 | 07|2gccst|aInuit |
| 692 | 07|2gccst|aAboriginal programs |
| 710 | 2 |aIndian and Eskimo Affairs Program (Canada) |
| 710 | 1 |aCanada. |bIndian and Northern Affairs Canada. |
| 856 | 40|qPDF|s10.20 MB|uhttps://publications.gc.ca/collections/collection_2017/aanc-inac/R5-533-1977-eng.pdf |